| 000 | 00489nam a22001817a 4500 | ||
|---|---|---|---|
| 003 | OSt | ||
| 005 | 20140311162958.0 | ||
| 008 | 130214t xxu||||| |||| 00| 0 eng d | ||
| 050 |
_aQM 23 _b.R227 1969 |
||
| 245 |
_aOur human body : _bits wonders and its care |
||
| 260 |
_aPleasantville, N.Y. : _b Reader's Digest Association, _c1969. |
||
| 300 |
_a511 p. : _cill. ; _b20 cm. |
||
| 521 | _aNUR | ||
| 562 | _e1 | ||
| 650 | _aHuman physiology. | ||
| 942 |
_2lcc _cBK _kFOR |
||
| 999 |
_c39104 _d39104 |
||